| 000 | 01443 am a2200397 a 4500 | ||
|---|---|---|---|
| 005 | 20240628082525.0 | ||
| 008 | 100916s1998||||ag a f |||| 001 0 spa d | ||
| 020 | _a9509539368 | ||
| 041 | _aspa | ||
| 092 |
_c616.0757 _l16 _sDIA |
||
| 245 |
_aDiagnóstico por imágenes para médicos generalistas. _bHace 100 años en 1898 / _cFrancisco A. Eleta |
||
| 250 | _a1a ed. | ||
| 260 |
_aBuenos Aires: _bS/E; _c1998. |
||
| 300 |
_a237 p. _bil. |
||
| 500 | _aEleta, F. A. et al. (1998). Diagnóstico por imágenes para médicos generalistas. Hace 100 años en 1898. (1a ed.). Buenos Aires : S/E. | ||
| 653 | _aMétodo de diagnóstico por imágenes | ||
| 653 | _aSistema respiratorio, mediastino y diafragma | ||
| 653 | _aCorazón y sistema circulatorio | ||
| 653 | _aAbdomen en general y sistema digestivo | ||
| 653 | _aSistema genitourinario | ||
| 653 | _aSistema ginecológico y obstetricia | ||
| 653 | _aSistema musculoesquelético | ||
| 653 | _aCabeza ósea | ||
| 653 | _aSistema nervioso central | ||
| 653 | _aRadiología intervencionista | ||
| 653 | _aRadiología intervencionista endovascular | ||
| 700 | 1 |
_aEleta, Francisco A. _9802 |
|
| 700 | 1 |
_aVelán, Osvaldo. _9803 |
|
| 700 | 1 |
_aSan Román, J. L. _91473 |
|
| 700 | 1 |
_aFarías, Patricia. _91474 |
|
| 700 | 1 |
_aBlejman, Oscar B. _91475 |
|
| 700 | 1 |
_aRasumoff, Alejandro. _91476 |
|
| 700 | 1 |
_aGarcía Mónaco, Ricardo. _91477 |
|
| 930 | _a462 | ||
| 942 |
_2ddc _cBK |
||
| 999 |
_c736 _d736 |
||